000
00292nam a22001337a 4500
008
180315b xxu||||| |||| 00| 0 eng d
020
_a
9780553354447
041
_a
eng
080
_a
004
100
_a
28
101
_a
SHK
245
_a
Using aldus freehand 3.0
_c
Venit,Sh
942
_2
udc
_c
BK
999
_c
45091
_d
45091